000 01022cam a2200409 4500
001 J107155
008 000000n2000 000 0 eng u
035 _a(Sirsi) u107155
050 _a333.336
110 _aLambert Smith Hampton
_92865
245 4 _aThe right connections : M1 corridor industrial market review 2000.
260 _aLondon
_bLambert Smith Hampton
_c2000
300 _a15p. ; 30cm.
650 _aINDUSTRIAL PROPERTY
650 _aDISTRIBUTION PROPERTY
650 _aHEMEL HEMPSTEAD
650 _aWATFORD
650 _aST ALBANS
650 _aLUTON
650 _aDUNSTABLE
650 _aMILTON KEYNES
650 _aNORTHAMPTON
650 _aWELLINGBOROUGH
650 _aDAVENTRY
650 _aRUGBY
650 _aLUTTERWORTH
650 _aLEICESTER
650 _aNOTTINGHAM
650 _aDERBY
650 _aSHEFFIELD
650 _aROTHERHAM
650 _aLEEDS
650 _aWAKEFIELD
650 _aRENTS
690 _aPROPERTY-COMMERCIAL PROPERTY
942 _n0
999 _c100660
_d100660